تأثير تجربة التعليم المدمج على أداء الخريج المعمارى : (رقم التسجيلة. 180111)

تفاصيل مارك
000 -LEADER
fixed length control field 04079namaa22004211i 4500
003 - CONTROL NUMBER IDENTIFIER
control field OSt
005 - أخر تعامل مع التسجيلة
control field 20260512130347.0
008 - FIXED-LENGTH DATA ELEMENTS--GENERAL INFORMATION
fixed length control field 250827s2025 ua a|||frm||| 000 0 eng d
040 ## - CATALOGING SOURCE
Original cataloguing agency EG-GICUC
Language of cataloging ara
Transcribing agency EG-GICUC
Modifying agency EG-GICUC
Description conventions rda
041 0# - LANGUAGE CODE
Language code of text/sound track or separate title ara
Language code of summary or abstract ara
-- eng
049 ## - Acquisition Source
Acquisition Source إيداع
082 04 - DEWEY DECIMAL CLASSIFICATION NUMBER
Classification number 371.334
092 ## - LOCALLY ASSIGNED DEWEY CALL NUMBER (OCLC)
Classification number 371.334
Edition number 21
097 ## - Degree
Degree مــــاجستير
099 ## - LOCAL FREE-TEXT CALL NUMBER (OCLC)
Local Call Number Cai01.13.02.M.Sc.2025.إي.ت
100 0# - MAIN ENTRY--PERSONAL NAME
Authority record control number or standard number ،إيمان جمال محمد على الدماصي
Preparation إعداد.
245 10 - TITLE STATEMENT
Title تأثير تجربة التعليم المدمج على أداء الخريج المعمارى :
Remainder of title دراسة حالة سوق العمل المصرى /
Statement of responsibility, etc. إعداد إيمان جمال محمد على الدماصي؛ إشراف أ.د/ محمد نبيل محمد غنيم، د/ شريف حسين أحمد عباس.
246 15 - VARYING FORM OF TITLE
Title proper/short title The impact of blended learning approach on the performance of the architectural graduate :
Remainder of title A case study of the egyptian job market /
264 #0 - PRODUCTION, PUBLICATION, DISTRIBUTION, MANUFACTURE, AND COPYRIGHT NOTICE
Date of production, publication, distribution, manufacture, or copyright notice 2025.
300 ## - PHYSICAL DESCRIPTION
Extent 134 صفحة :
Other physical details إيضاحيات ؛
Dimensions 30 سم. +
Accompanying material CD.
336 ## - CONTENT TYPE
Content type term text
Source rda content
337 ## - MEDIA TYPE
Media type term Unmediated
Source rdamedia
338 ## - CARRIER TYPE
Carrier type term volume
Source rdacarrier
502 ## - DISSERTATION NOTE
Dissertation note أطروحة (ماجستير)-جامعة القاهرة، 2025.
504 ## - BIBLIOGRAPHY, ETC. NOTE
Bibliography, etc. note ببليوجرافيا: صفحات 124-128.
520 ## - SUMMARY, ETC.
Summary, etc. يُعد التعليم الجامعي مرحلة أساسية لإعداد الخريجين مهنياً، حيث يزودهم بالمعرفة والمهارات الداعمة لأدائهم الوظيفي، وقد شهدت أقسام العمارة في الجامعات المصرية تحولاً ملحوظاً فى أنماط التدريس خلال جائحة كوفيد-19، حيث تطبيق التعليم المدمج كاستجابة طارئة، وعلى الرغم من انتهاء الجائحة، لا تزال بعض الأقسام تعتمد هذا النموذج نظراً لفوائده التعليمية، ويهدف هذا البحث إلى تقييم تأثير التعليم المدمج على أداء الخريجين، من خلال دراسة ميدانية تستهدف أصحاب العمل في السوق المصري، باعتبارهم الجهات المستقبلة لهم، وذلك لتحليل أدائهم الفعلي ومدى تأثرهم بهذه التجربة.
520 ## - SUMMARY, ETC.
Summary, etc. University education is a fundamental stage in preparing graduates professionally, as it equips them with the knowledge and skills necessary for their job performance. Architecture departments in Egyptian universities have undergone a significant transformation in teaching methods during the COVID-19 pandemic, with blended learning being implemented as an emergency response. Despite the end of the pandemic, some departments continue to adopt this model due to its educational benefits. This research aims to assess the impact of blended learning on graduates' performance through a field study targeting employers in the Egyptian market, as they are the primary recipients of these graduates. The study seeks to analyze their actual performance and the extent to which it has been influenced by this experience.
530 ## - ADDITIONAL PHYSICAL FORM AVAILABLE NOTE
Issues CD صدر أيضًا كقرص مدمج.
546 ## - LANGUAGE NOTE
Text Language النص بالعربية والملخص باللغة الإنجليزية والعربية.
650 #7 - SUBJECT ADDED ENTRY--TOPICAL TERM
Topical term or geographic name entry element معالجة البيانات وعلم الحاسبات الالكترونية
Source of heading or term qrmak
653 #0 - INDEX TERM--UNCONTROLLED
Uncontrolled term التعليم المعمارى
-- التعليم المدمج
-- الأداء الوظيفى
700 0# - ADDED ENTRY--PERSONAL NAME
Personal name محمد نبيل محمد غنيم
Relator term مشرف أطروحة.
700 0# - ADDED ENTRY--PERSONAL NAME
Personal name شريف حسين أحمد عباس
Relator term مشرف أطروحة.
900 ## - Thesis Information
Grant date 21-01-2025
Supervisory body محمد نبيل محمد غنيم
-- شريف حسين أحمد عباس
Discussion body طارق إبراهيم نصر الدين
-- خالد عبد العزيز عثمان
Universities جامعة القاهرة
Faculties كلية الهندسة
Department قسم الهندسة المعمارية
905 ## - Cataloger and Reviser Names
Cataloger Name Sara Salah
942 ## - ADDED ENTRY ELEMENTS (KOHA)
Source of classification or shelving scheme Dewey Decimal Classification
Koha item type Thesis
Edition 21
Suppress in OPAC No
المقتنيات
Source of classification or shelving scheme Home library Current library Date acquired Inventory number Full call number Barcode Date last seen Effective from Koha item type
Dewey Decimal Classification المكتبة المركزبة الجديدة - جامعة القاهرة قاعة الرسائل الجامعية - الدور الاول 12.05.2026 33202 Cai01.13.02.M.Sc.2025.إي.ت 01010100033202000 12.05.2026 12.05.2026 Thesis
Cairo University Libraries Portal Implemented & Customized by: Eng. M. Mohamady Contacts: new-lib@cl.cu.edu.eg | cnul@cl.cu.edu.eg
CUCL logo CNUL logo
© All rights reserved — Cairo University Libraries
CUCL logo
Implemented & Customized by: Eng. M. Mohamady Contact: new-lib@cl.cu.edu.eg © All rights reserved — New Central Library
CNUL logo
Implemented & Customized by: Eng. M. Mohamady Contact: cnul@cl.cu.edu.eg © All rights reserved — Cairo National University Library